European Brand Logos - Sudden Death - Statistics

General Stats
  • This quiz has been taken 3,290 times
    174 since last reset
  • The average score is 7 of 14
Answers on the Grid
Answers color-coded by a green-red scale on the quiz's grid according to % correct below.
 
Answer Stats
Answer % Correct
69%
63%
62%
62%
56%
47%
44%
43%
43%
42%
40%
40%
40%
21%
No matching quizzes found
Score Distribution
Percent of People with Each Score
Percentile by Number Answered
Your Score History
You have not taken this quiz since the last reset